Statistiques concernant Personnalités de DA à DZ # 4

Cliquez ici pour prendre le quiz!

Statistiques générales

  • Ce quiz a été pris 113 fois
  • Le résultat moyen est 9 sur 26

Statistiques - réponses

IndicesInitialesRéponses% Correct
Fils de Johnny et SylvieDHDavid Hallyday
91%
Un des trois InconnusDBDidier Bourdon
91%
César du meilleur acteur pour son rôle dans les films Jean de Florette et Manon des sources, puis un autre pour La Fille sur le pontDADaniel Auteuil
69%
Présentateur du journal de 20 heures de France 2 de 2001 à 2017DPDavid Pujadas
63%
Spécialiste des maladies infectieuses, connu pour son franc-parler et ses prises de position parfois iconoclastesDRDidier Raoult
62%
Il a fait partie du groupe d'humoristes Les Nuls et popularisa la troupe des Robins des BoisDFDominique Farrugia
49%
Homme politique surnommé " Dany le rouge "DCDaniel Cohn-Bendit
47%
Actrice et mannequin germano-américaine parlant couramment françaisDKDiane Kruger
44%
Actrice popularisée par la série télévisée Marie PervencheDEDanièle Evenou
43%
Ancienne résistante et personnalité engagée dans le monde associatif et femme d'un ancien président de la RépubliqueDMDanielle Mitterrand
42%
Joueur de handball, international de 2000 à 2017, né à Saint-Denis de La RéunionDNDaniel Narcisse
35%
Miss Alsace 2011 puis Miss France 2012DWDelphine Wespiser
31%
Au cours d'une des plus longues carrières — 110 films sur huit décennies —, elle a traversé l’histoire du cinéma parlant de 1931 à 2010DDDanielle Darrieux
29%
Coureur cycliste né en Bretagne en 1996 et excellent grimpeur ( 2 étapes Vuelta 2020 )DGDavid Gaudu
29%
Joueur de rugby à XV évoluant au poste de demi de mêlée, né à Brive; Il joue en équipe de France de 2002 à 2012, obtenant 61 sélections et inscrivant 373 pointsDYDimitri Yachvili
29%
Actrice, ancienne « miss Météo » du Grand Journal de Canal+ et ex compagne de Nicolas BedosDTDora Tillier
26%
Acteur américain révélé par le film L'Étoffe des héros en 1983DQDennis Quaid
21%
Réalisateur québécois ( Incendies (2010), Prisoners (2013), Sicario (2015), Premier Contact (2016) , Blade Runner 2049 (2017) )DVDenis Villeneuve
17%
Footballeur international des années 80 surnommé « Monsieur Xu »DXDaniel Xuereb
13%
Rappeur d'origine congolaise ( 1er album "Architecte" sorti en 2020 )DUDa Uzi
13%
Humoriste, acteur et chroniqueur d'origine camerounaise ( On n'demande qu'à en rire, La France a un incroyable talent )DJDonel Jack'sman
13%
Chanteuse des Cranberries décédée en 2018DODolores O'Riordan
12%
Acteur fétiche des films de Léos CaraxDLDenis Lavant
9%
Auteur-compositeur-interprète et militantiste ( Jours étranges, Debbie, J'accuse )DSDamien Saez
5%
Femme politique basque espagnole, connue pour son fameux slogan "¡No pasarán!"DIDolores Ibárruri
2%
Mannequin et acteur ( C'est tout pour moi, Les Misérables )DZDjebril Zonga
1%

Distribution des résultats

Percentile par nombre de réponses

% des personnes avec chaque résultat

Votre développement - résultats

Vous n’avez pas pris ce quiz